Les 7 nains de Blanche-Neige en 20 secondes 🇮🇹 - Statistiques

Statistiques générales
  • Ce quiz a été pris 14 fois
  • Le résultat moyen est 3 sur 7
Statistiques - réponses
Nom du nain en 🇮🇹 🇫🇷 % Correct
Dotto Prof
100%
Eolo Atchoum
50%
Mammolo Timide
50%
Pisolo Dormeur
50%
Brontolo Grincheux
0%
Cucciolo Simplet
0%
Gongolo Joyeux
0%
Aucun quiz correspondant
Distribution des résultats
% des personnes avec chaque résultat
Percentile par nombre de réponses
Votre historique - résultats
Vous n’avez pas pris ce quiz